History Quiz

Random History or Discovery Quiz

Nuclear Timeline Minefield Quiz Stats

 Plays Quiz Updated Mar 26, 2019

Support Sporcle.
Go Orange.
Score 0/8 Timer 01:30
3 Plays Today
% Correct
???
99.8%
???
88.8%
???
71.5%
???
61.3%
???
50%
???
44.3%
???
44%
???
42.8%

You're not logged in!

Compare scores with friends on all Sporcle quizzes.
OR
Log In

From the Vault

Badly Misspelled Signs

by Purple_Parrot

If only more highway signs had auto correct, the world would be a better place.
Remove Ads.
Support Sporcle.
Get the best of Sporcle when you Go Orange. This ad-free experience offers more features, more stats, and more fun while also helping to support Sporcle. Thank you for becoming a member.

Show Comments

Extras

Top Quizzes Today


Score Distribution

Your Account Isn't Verified!

In order to create a playlist on Sporcle, you need to verify the email address you used during registration. Go to your Sporcle Settings to finish the process.

Report this User

Report this user for behavior that violates our Community Guidelines.

Details: